000 00603nam a22002057a 4500
003 PILC
005 20151021152447.0
008 130921t xxu||||| |||| 00| 0 eng d
020 _a9782894296189
050 _aPZ 8
_b.K92 1995
082 _aGS 398.21
_bK87 1995
100 _aKrenz, Carol
_921372
245 _aSnow White /
_ctext by Carol Krenz ; illustrations by Zapp Graphic Design.
260 _aQuebec,Canada :
_bTormont Publications Inc,
_c1995.
300 _a61 p. :
_bill. col. ;
_c27 cm.
650 _aFiction
_9746
650 _aFolktales
_921373
942 _2lcc
_cBK
999 _c11962
_d11962